Manažment rozvoja kúpeľov Nimnica, a.s. diplomová práca

Gespeichert in:
Bibliographische Detailangaben
1. Verfasser: Pagáčová, Lucia
Körperschaft: Obchodná fakulta EU. Katedra cestovného ruchu
Weitere Verfasser: Mura, Ladislav, 1979-
Format: Buch
Sprache:Slowakisch
Veröffentlicht: Bratislava 2024
Tags: Tag hinzufügen
Keine Tags, Fügen Sie das erste Tag hinzu!

MARC

LEADER 00000nbm a2200000 4500
001 0302413
005 20250821121957.4
041 0 |a slo 
044 |a SK 
245 1 0 |a Manažment rozvoja kúpeľov Nimnica, a.s.  |b diplomová práca  |c Lucia Pagáčová ; školiteľ: Ladislav Mura 
264 1 |a Bratislava  |c 2024 
300 |a 77 s. 
100 1 |a Pagáčová, Lucia 
700 1 |a Mura, Ladislav, 1979- 
710 2 |a Obchodná fakulta EU. Katedra cestovného ruchu